TEXT BOOK OF INDUSTRIAL PHARMACOGNOSY (Record no. 8149)

MARC details
000 -LEADER
fixed length control field 00477nam a22001817a 4500
005 - DATE AND TIME OF LATEST TRANSACTION
control field 20230111094117.0
008 - FIXED-LENGTH DATA ELEMENTS--GENERAL INFORMATION
fixed length control field 221220b |||||||| |||| 00| 0 eng d
020 ## - INTERNATIONAL STANDARD BOOK NUMBER
ISBN 81-23912-09-9
041 ## - LANGUAGE CODE
Language code of text/sound track or separate title eng
082 ## - DEWEY DECIMAL CLASSIFICATION NUMBER
Classification number 615.3 KAL-T
100 ## - MAIN ENTRY--AUTHOR NAME
Personal name KALIA ,A.N.
245 ## - TITLE STATEMENT
Title TEXT BOOK OF INDUSTRIAL PHARMACOGNOSY
250 ## - EDITION STATEMENT
Edition statement 1st ed.
260 ## - PUBLICATION, DISTRIBUTION, ETC. (IMPRINT)
Place of publication NEW DELHI
Name of publisher CBS PUBLISHERS & DISTRIBUTORS
Year of publication 2023
300 ## - PHYSICAL DESCRIPTION
Number of Pages 285;P.
650 ## - SUBJECT ADDED ENTRY--TOPICAL TERM
Topical Term PHARMACY
General subdivision B.PHARMA
942 ## - ADDED ENTRY ELEMENTS (KOHA)
Koha item type Books
Holdings
Lost status Damaged status Collection code Home library Current library Shelving location Date acquired Source of acquisition Cost, normal purchase price Full call number Accession Number Koha item type
    PHARMACY JRU Library JRU Library Shelf - 26- B 16/11/2022 LOHIA BOOK INTERNATIONAL 550.00 615.3-KAL-T 27155 Books
    PHARMACY JRU Library JRU Library Shelf - 26- B 09/01/2023 LOHIA BOOK INTERNATIONAL 550.00 615.3-KAL-T 27156 Books
    PHARMACY JRU Library JRU Library Shelf - 26- B 09/11/2022 LOHIA BOOK INTERNATIONAL 550.00 615.3-KAL-T 27157 Books
    PHARMACY JRU Library JRU Library Shelf - 26- B 09/11/2022 LOHIA BOOK INTERNATIONAL 550.00 615.3-KAL-T 27158 Books
    PHARMACY JRU Library JRU Library Shelf - 26- B 09/11/2022 LOHIA BOOK INTERNATIONAL 550.00 615.3-KAL-T 27159 Books
    PHARMACY JRU Library JRU Library Shelf - 26- B 09/11/2022 LOHIA BOOK INTERNATIONAL 550.00 615.3-KAL-T 27160 Books
    PHARMACY JRU Library JRU Library Shelf - 26- B 09/11/2022 LOHIA BOOK INTERNATIONAL 550.00 615.3-KAL-T 27161 Books
    PHARMACY JRU Library JRU Library Shelf - 26- B 09/11/2022 LOHIA BOOK INTERNATIONAL 550.00 615.3-KAL-T 27162 Books
    PHARMACY JRU Library JRU Library Shelf - 26- B 09/11/2022 LOHIA BOOK INTERNATIONAL 550.00 615.3-KAL-T 27163 Books
    PHARMACY JRU Library JRU Library Shelf - 26- B 09/11/2022 LOHIA BOOK INTERNATIONAL 550.00 615.3-KAL-T 27164 Books